Účtovníctvo v poisťovníctve

Enregistré dans:
Détails bibliographiques
Auteur principal: Majtánová, Anna
Collectivité auteur: Ekonomická univerzita v Bratislave. Národohospodárska fakulta
Format: Livre
Langue:slovaque
Publié: Bratislava EU 1994
Édition:1. vyd.
Sujets:
Tags: Ajouter un tag
Pas de tags, Soyez le premier à ajouter un tag!

MARC

LEADER 00000nam a2200000 4500
001 c005161
005 20221214075023.6
020 |a 80-225-0564-1 
041 0 |a slo 
044 |a SK 
245 1 0 |a Účtovníctvo v poisťovníctve  |c Anna Majtánová 
250 |a 1. vyd. 
264 1 |a Bratislava  |b EU  |c 1994 
300 |a 87 s. 
610 2 0 |a účtovníctvo 
610 2 0 |a poisťovníctvo 
610 2 0 |a osnova účtová 
610 2 0 |a výkazníctvo štatistické 
100 1 |a Majtánová, Anna 
710 2 |a Ekonomická univerzita v Bratislave. Národohospodárska fakulta